000 00579nam a2200229Ia 4500
003 OSt
005 20220918174658.0
006 a|||||r|||| 00| 0
007 ta
008 220917b |||||||| |||| 00| 0 eng d
024 _a13,580
037 _cTextual
040 _aARTS
_cARTS
_beng
041 _2eng
_aeng
082 _aNR,920Q6, J5
100 _aTrapp Maria Augusta
_951344
245 0 _aAround the year with the Trapp family
260 _c1955
650 _aARTS
942 _hNR,920Q6, J5
_cTEXL
_2CC
999 _c154229
_d154229